| 000 | 01928nam a2200493 i 4500 | ||
|---|---|---|---|
| 001 | 30759 | ||
| 003 | KOSZ 005 | ||
| 005 | 20230308091437.0 | ||
| 008 | 980702s1995 pl a f |100 0 pol | ||
| 015 | _aPB 1996/9997 | ||
| 035 | _a(OCoLC)830112130 | ||
| 040 |
_aWA N _cWA N _dKOSZ 005/HR |
||
| 046 | _k1995 | ||
| 080 | _a621.77 | ||
| 080 | _a621.98 | ||
| 080 | _a519.61/.64 | ||
| 080 | _a(06) | ||
| 245 | 0 | 0 |
_aWalcowanie i przetwórstwo blach i taśm : _b[konferencja], Poraj k. Częstochowy, 18-20.10.1995 / _c[red. Zdzisława Tasarz, Lucyna Żyła]. |
| 260 |
_aCzęstochowa : _bWydaw. PC, _c1995. |
||
| 300 |
_a122, [2] s. : _bfot., rys., wykr. ; _c24 cm. |
||
| 336 |
_2rdacontent _aTekst _btxt |
||
| 337 |
_2rdamedia _aBez urządzenia pośredniczącego _bn |
||
| 338 |
_2rdacarrier _aWolumin _bnc |
||
| 380 | _aKsiążki | ||
| 380 | _aPublikacje naukowe | ||
| 388 | _a1901-2000 | ||
| 388 | _a1989-2000 | ||
| 490 | 1 |
_aKonferencje / Politechnika Częstochowska, _x1234-9895 ; _v2. |
|
| 500 | _aNa s. przedtyt. : 45-lecie Wydziału Metalurgii i Inżynierii Materiałowej Politechniki Częstochowskiej oraz 45-lecie Katedry Przeróbki Plastycznej Metali Wydziału Metalurgii i Inżynierii Materiałowej Politechniki Częstochowskiej. | ||
| 504 | _aBibliogr. przy ref. | ||
| 658 | _aInżynieria i technika | ||
| 650 | 4 | _aTechnologia | |
| 650 | 4 | _aAnaliza numeryczna | |
| 650 | 4 | _aModele matematyczne | |
| 650 | 4 | _aBlacha | |
| 655 | 4 | _aMateriały konferencyjne | |
| 650 | 4 | _aWalcowanie | |
| 710 | 2 |
_aWydawnictwo Politechniki Częstochowskiej _4pbl. |
|
| 700 | 1 |
_aTasarz, Zdzisława _eRedakcja |
|
| 700 | 1 |
_aŻyła, Lucyna _eRedakcja |
|
| 830 | 0 |
_aKonferencje - Politechnika Częstochowska ; _v2. |
|
| 856 |
_uhttp://koha.tu.koszalin.pl/cgi-bin/koha/opac-detail.pl?biblionumber=30759 _yKatalog online BPK |
||
| 942 |
_2UKD _cKS |
||
| 999 |
_c30759 _d30759 |
||